COST AND MANAGEMENT ACCOUNTING (Record no. 8030)

MARC details
000 -LEADER
fixed length control field 00431nam a22001817a 4500
005 - DATE AND TIME OF LATEST TRANSACTION
control field 20221213130604.0
008 - FIXED-LENGTH DATA ELEMENTS--GENERAL INFORMATION
fixed length control field 221213b |||||||| |||| 00| 0 eng d
020 ## - INTERNATIONAL STANDARD BOOK NUMBER
ISBN 97843346268
041 ## - LANGUAGE CODE
Language code of text/sound track or separate title eng
082 ## - DEWEY DECIMAL CLASSIFICATION NUMBER
Classification number 658.155 2
Item number ARO
100 ## - MAIN ENTRY--AUTHOR NAME
Personal name M.N ARORA
245 ## - TITLE STATEMENT
Title COST AND MANAGEMENT ACCOUNTING
250 ## - EDITION STATEMENT
Edition statement 4TH Ed
260 ## - PUBLICATION, DISTRIBUTION, ETC. (IMPRINT)
Place of publication MUMBAI
Name of publisher HIMALYA
Year of publication 2022
300 ## - PHYSICAL DESCRIPTION
Number of Pages 18.24:P.
650 ## - SUBJECT ADDED ENTRY--TOPICAL TERM
Topical Term MANAGENT
942 ## - ADDED ENTRY ELEMENTS (KOHA)
Koha item type Books
Holdings
Lost status Damaged status Home library Current library Date acquired Cost, normal purchase price Full call number Accession Number Koha item type
    JRU Library JRU Library 06/10/2022 695.00 658.155 2 ARO 26850 Books